| 000 | 00423nam a2200157 i 4500 | ||
|---|---|---|---|
| 001 | 147564 | ||
| 003 | ES-MaACL | ||
| 005 | 20230906202109.0 | ||
| 007 | t| | ||
| 008 | 071003s1922 xxk ||||1| eng d | ||
| 100 | 1 |
_aUre, Percy Neville. _9112121 |
|
| 245 | 1 | 4 |
_aThe origin of Tyranny / _cby Percy Neville Ure. |
| 260 |
_aCambridge : _bUniversity, _c1922. |
||
| 300 |
_aXI, 374 p. ; _c23 cm. |
||
| 852 |
_aES-MaACL _jC-2813 |
||
| 999 |
_c147564 _d147564 |
||